Európa sa nám páči Poľský minister zahraničných vecí Dariusz Rosati pre Pravdu

Podrobná bibliografia
Hlavní autori: Rosati, Dariusz (Autor), Minárik, Pavol (Autor)
Médium: Článok
Jazyk:slovenčina
Fyzický popis:Fotogr. 1
Predmet:

MARC

LEADER 00000nab a2200000 a 4500
001 vtls000636727
003 SK-MaSNL
005 20260304035250.0
008 160401c1997 xo 0 slo
015 |a SNBRB19rr/mm-uuuuu 
035 |a CL0636866 
040 |a SNKBUCL  |b slo  |c SNKBUCL  |e AACR2 
041 0 |a slo 
044 |a xo  |c SK 
080 |a 327(438):339.923(4):327.51(100)  |2 1981 
080 |a 339.923(4)  |2 1981 
080 |a 327.51(100)  |2 1981 
100 1 |a Rosati, Dariusz  |4 aut  |9 888718 
245 1 0 |a Európa sa nám páči  |b Poľský minister zahraničných vecí Dariusz Rosati pre Pravdu  |c Dariusz Rosati, Pavol Minárik 
300 |b Fotogr. 1 
610 7 |a Európska únia  |2 snkbucl  |9 29861 
650 0 7 |a NATO  |2 snkbucl  |9 145807 
650 0 7 |a Poľsko  |2 snkbucl  |9 274601 
655 7 |a články z novín a časopisov  |2 snkbucl  |9 267496 
700 1 |a Minárik, Pavol  |4 aut  |9 716177 
773 0 |t Pravda  |g Roč. 7, č. 202 (3. 9. 1997), s. 1 a 4 
850 |a Slovenská národná knižnica v Martine  |a MTA001 
852 |a SNK  |b KIS3GCP 
958 |a PL 
958 |a RK 
958 |a RBX 
999 |c 2657113  |d 2659043